| 000 | 01375nam a2200349 i 4500 | ||
|---|---|---|---|
| 001 | 196883 | ||
| 003 | ES-MaACL | ||
| 005 | 20250802063126.0 | ||
| 008 | 241117s2002 sp | ||| ||spa | ||
| 016 | 7 |
_abimoBNE20030344450 _2SpMaBN |
|
| 017 |
_aM 47369-2002 _bOficina Depósito Legal Madrid |
||
| 020 | _a8489142580 | ||
| 035 | _a(OCoLC)51221892 | ||
| 035 | _a(SpMaBN)bimo0001849931 | ||
| 040 |
_aSpMaBN _bspa _cSpMaBN _erdc |
||
| 080 | _a821.134.2-84"19" | ||
| 100 | 1 |
_aGómez de la Serna, Ramón, _d1888-1963 _957901 _eaut |
|
| 245 | 1 | 0 |
_aTrampantojos / _cRamón Gómez de la Serna ; ilustraciones de Ramón Gómez de la Serna. _h[Texto impreso] |
| 260 |
_a[Madrid] : _bClan, _c[2002]. |
||
| 300 |
_a208 páginas : _bilustrado en blanco y negro ; _c21 cm |
||
| 336 |
_2rdacontent _atexto |
||
| 337 |
_2rdamedia _asin mediación |
||
| 338 |
_2rdacarrier _avolumen |
||
| 490 | 1 |
_aColección de cuentos de autores españoles ; _v30 |
|
| 655 | 0 |
_9176540 _aAntologías |
|
| 852 |
_aES-MaACL _cDEPOJ _dN-10290 _hDonación: José Lázaro Garcia _xEncuadernación rústica con solapas _9206412 |
||
| 903 |
_9234219 _aLázaro García, José _ednr |
||
| 942 |
_cMONOGRAFIA _n0 |
||
| 999 |
_c196883 _d196883 |
||